Biggest Cities in Indonesia on a Map - Statistics

General Stats
  • This quiz has been taken 466 times
  • The average score is 7 of 10
Answers on the Map
Answers color-coded by a green-red scale on the quiz's map according to % correct below.
 
Answer Stats
Population City % Correct
9,607,787 Jakarta
100%
2,765,487 Surabaya
91%
2,394,873 Bandung
89%
2,097,610 Medan
86%
1,331,391 Makassar
76%
1,440,678 Palembang
64%
1,520,481 Semarang
60%
2,334,871 Bekasi
46%
1,798,601 Tangerang
42%
1,738,570 Depok
39%
No matching quizzes found
Score Distribution
Percent of People with Each Score
Percentile by Number Answered
Your Score History
You have not taken this quiz